[Event "La Paz Adalp op"]
[Site "La Paz"]
[Date "2020.02.09"]
[Round "5"]
[White "Medrano, Mario"]
[Black "Siles Kora, Brayan"]
[Result "1-0"]
[WhiteElo "2030"]
[BlackElo "1206"]
[PlyCount "125"]
[EventDate "2020.02.07"]
[EventType "swiss"]
[EventRounds "9"]
[EventCountry "BOL"]
[SourceTitle "CBM 195 Extra"]
[Source "ChessBase"]
[SourceDate "2020.05.31"]
[SourceVersion "1"]
[SourceVersionDate "2020.05.31"]
[SourceQuality "1"]

1. d4 d5 2. g3 c6 3. Bg2 Nf6 4. Nf3 Bg4 5. 0-0 e6 6. c4 Bd6 7. Nbd2 Qc7 8. Re1 Nbd7 9. b3 0-0 10. Bb2 Rfe8 11. Rc1 b6 12. a3 a5 13. h3 Bh5 14. g4 Bg6 15. Nh4 Be4 16. cxd5 Bxd5 17. e4 Nxe4 18. Nxe4 Bf4 19. Nd2 Bxb3 20. Qxb3 Bxd2 21. Rxc6 Qd8 22. Rd1 Bf4 23. Nf3 Rb8 24. Bc1 Bc7 25. Bg5 f6 26. Rxe6 Rxe6 27. Qxe6+ Kh8 28. Be3 Nc5 29. Qf5 g6 30. Qc2 Ne6 31. d5 Ng7 32. d6 Bxd6 33. Bf4 Ne8 34. Bxd6 Nxd6 35. Qc6 Rc8 36. Rxd6 Rxc6 37. Rxd8+ Kg7 38. Rd7+ Kh6 39. Rxh7+ Kxh7 40. Ng5+ fxg5 41. Bxc6 Kg7 42. Kg2 Kf6 43. Kf3 Ke5 44. Ke3 Kd6 45. Be8 Kc5 46. Bxg6 b5 47. f4 gxf4+ 48. Kxf4 b4 49. axb4+ axb4 50. Ke5 Kc6 51. h4 Kd7 52. Kf6 Kd6 53. h5 Kd5 54. h6 Kd4 55. h7 Kc3 56. h8Q Kb2 57. Ke6+ Ka2 58. Ke5 b3 59. Kd4 b2 60. Kc3 b1Q 61. Bxb1+ Kxb1 62. Qa8 Kc1 63. Qa1# 1-0